Beste Europese voetbalclubs - Statistieken

Algemene statistieken
  • Deze quiz is 483 keer genomen
  • De gemiddelde score is 13 van 20
Antwoordstatistieken
# Team Punten % Correct
2. Real Madrid 119,000
99%
18. Barcelona 67,000
97%
1. Manchester City 123,000
95%
3. Bayern Munich 108,000
92%
14. Manchester United 70,000
91%
4. Liverpool 96,000
89%
6. Paris Saint-Germain 85,000
87%
10. Inter Milan 76,000
85%
8. Borussia Dortmund 79,000
82%
9. Chelsea 79,000
80%
19. Arsenal 62,000
79%
17. Atletico Madrid 67,000
77%
15. Benfica 69,000
50%
12. Porto 70,000
46%
5. Roma 90,000
46%
11. Bayer Leverkusen 72,000
39%
13. Leipzig 70,000
37%
20. Atalanta 61,000
33%
16. West Ham United 69,000
17%
7. Villareal 82,000
16%
Geen overeenkomende quizzen gevonden
Scoreverdeling
Procent van Mensen met Elke Score
Percentiel versus Aantal Correcte Antwoorden
Uw Scoregeschiedenis
U heeft deze quiz nog niet genomen